Pakistan : (Record no. 21790)

MARC details
000 -LEADER
fixed length control field 00545nam a22001697a 4500
003 - CONTROL NUMBER IDENTIFIER
control field BDDh-ASL
005 - DATE AND TIME OF LATEST TRANSACTION
control field 20241215152720.0
008 - FIXED-LENGTH DATA ELEMENTS--GENERAL INFORMATION
fixed length control field 210215r1963 pk ||||| |||| 00| 0 eng d
040 ## - CATALOGING SOURCE
Original cataloging agency BDDh-ASL
Transcribing agency BDDh-ASL
082 ## - DEWEY DECIMAL CLASSIFICATION NUMBER
Classification number 954.7
Item number HUP
100 1# - MAIN ENTRY--PERSONAL NAME
9 (RLIN) 3095
Personal name Husain, A.F.A.
245 10 - TITLE STATEMENT
Title Pakistan :
Remainder of title Reprinted from "The Role of Savings and Wealth in Southern Asia and the West", Edited by Richard D. Lambert and Bert F. Hoselitz, UNESCO, 1963./
260 ## - PUBLICATION, DISTRIBUTION, ETC.
Date of publication, distribution, etc. 1963.
300 ## - PHYSICAL DESCRIPTION
Extent 245-315 p. :
Dimensions 21 cm
651 #0 - SUBJECT ADDED ENTRY--GEOGRAPHIC NAME
9 (RLIN) 6
Geographic name Pakistan
942 ## - ADDED ENTRY ELEMENTS (KOHA)
Source of classification or shelving scheme Dewey Decimal Classification
Koha item type Books
Holdings
Withdrawn status Lost status Source of classification or shelving scheme Damaged status Not for loan Collection code Home library Current library Shelving location Date acquired Source of acquisition Total Checkouts Full call number Barcode Date last seen Copy number Price effective from Koha item type Public note
    Dewey Decimal Classification     Non-fiction Asiatic Society Library Asiatic Society Library General Stacks 02/15/2021 Donated by National Prof. A. F. A. Husain   954.7 HUP 105739 02/15/2021 C-1 02/15/2021 Books RARE
    Dewey Decimal Classification     Non-fiction Asiatic Society Library Asiatic Society Library General Stacks 02/15/2021 Donated by National Prof. A. F. A. Husain   954.7 HUP 105740 02/15/2021 C-2 02/15/2021 Books RARE
    Dewey Decimal Classification     Non-fiction Asiatic Society Library Asiatic Society Library General Stacks 02/15/2021 Donated by National Prof. A. F. A. Husain   954.7 HUP 105741 02/15/2021 C-3 02/15/2021 Books RARE
    Dewey Decimal Classification     Non-fiction Asiatic Society Library Asiatic Society Library General Stacks 02/15/2021 Donated by National Prof. A. F. A. Husain   954.7 HUP 105742 02/15/2021 C-4 02/15/2021 Books RARE
    Dewey Decimal Classification     Non-fiction Asiatic Society Library Asiatic Society Library General Stacks 02/15/2021 National Prof. A.F.A. Husain   954.7 HUP 105788 02/15/2021 C-5 02/15/2021 Books  
    Dewey Decimal Classification     Non-fiction Asiatic Society Library Asiatic Society Library General Stacks 12/15/2024 ASB Library Collection   954.7 HUP 125635 12/15/2024 C-6 12/15/2024 Books Y-1963

Powered by Koha